000 00295nam a22001337a 4500
008 170321b xxu||||| |||| 00| 0 eng d
020 _a9780683302042
041 _aeng
080 _24 ED
_a616.12 -008-073
100 _a7
101 _aSHM
245 _aCARDIOLOGY
_cROTH.R.F
942 _2udc
_cBK
999 _c8261
_d8261